El juego áureo (Record no. 91928)

MARC details
000 -LEADER
campo de control de longitud fija 00726nam a2200217 i 4500
001 - NÚMERO DE CONTROL
campo de control 91928
003 - IDENTIFICADOR DE NÚMERO DE CONTROL
campo de control ES-MaACL
005 - FECHA Y HORA DE LA ÚLTIMA TRANSACCIÓN
campo de control 20230906180846.0
007 - CAMPO FIJO DE DESCRIPCIÓN FÍSICA--INFORMACIÓN GENERAL
campo de control de longitud fija t|
008 - DATOS DE LONGITUD FIJA--INFORMACIÓN GENERAL
campo de control de longitud fija 050308s2004 sp ||||1| spa d
020 ## - NÚMERO INTERNACIONAL ESTÁNDAR DEL LIBRO
Número Internacional Estándar del Libro 84-7844-824-1
080 ## - NÚMERO DE LA CLASIFICACIÓN DECIMAL UNIVERSAL
Número de la Clasificación Decimal Universal 76.034.7
100 1# - ENTRADA PRINCIPAL--NOMBRE DE PERSONA
Nombre de persona Klossowski de Rola, Stanislas.
9 (RLIN) 68297
245 13 - MENCIÓN DEL TÍTULO
Título El juego áureo
Resto del título : 533 grabados alquímicos del siglo XVII /
Mención de responsabilidad, etc. Stanislas Klossowski de Rola ; traducción de José Antonio Torres Almodóvar.
260 ## - PUBLICACIÓN, DISTRIBUCIÓN, ETC.
Lugar de publicación, distribución, etc. Madrid :
Nombre del editor, distribuidor, etc. Siruela,
Fecha de publicación, distribución, etc. 2004.
300 ## - DESCRIPCIÓN FÍSICA
Extensión 324 p. ;
Dimensiones 31 cm.
650 #4 - PUNTO DE ACCESO ADICIONAL DE MATERIA--TÉRMINO DE MATERIA
Término de materia o nombre geográfico como elemento de entrada Alquimia-
Subdivisión general En el arte.
9 (RLIN) 9744
650 14 - PUNTO DE ACCESO ADICIONAL DE MATERIA--TÉRMINO DE MATERIA
Término de materia o nombre geográfico como elemento de entrada Grabado-
Subdivisión cronológica S.XVII.
9 (RLIN) 13141
700 1# - ENTRADA AGREGADA--NOMBRE PERSONAL
Nombre de persona Torres Almodóvar, José Antonio.
9 (RLIN) 110923
852 ## - LOCALIZACIÓN
Ubicación ES-MaACL
Número de control de estantería L-28971
Sublocalización o colección R.135423
Holdings
Estatus retirado Estado de pérdida Estado de daño No para préstamo Biblioteca de origen Biblioteca actual Ubicación en estantería Fecha de adquisición Fuente de adquisición Total de préstamos Signatura topográfica completa Código de barras Visto por última vez Precio de reemplazo Tipo de ítem Koha
        Biblioteca del Ateneo de Madrid Biblioteca del Ateneo de Madrid Depósito 2 17/01/2008     L-28971 1095986 23/02/2023 23/02/2023 Libro impreso